| 000 | 00629nam a2200205Ii 4500 | ||
|---|---|---|---|
| 003 | JO-AjNU | ||
| 008 | 230605s9999||||xx |||||||||||||| ||und|| | ||
| 040 |
_aJO-AjNU _bara _erda _cJO-AjNU |
||
| 041 | _aara | ||
| 050 | 1 | 4 | _aBP174.H3988 1990 |
| 100 | 3 |
_aالهزايمة، محمد عوض , _eauthor _929970 |
|
| 245 | 0 | 0 | _aالتيسير في فقه العبادات |
| 250 | _aط1 | ||
| 264 | 3 | 1 | _aعمان: دار عمار، 1990 |
| 300 | _a210ص | ||
| 336 |
_atext _btxt _2rdacontent |
||
| 337 |
_aunmediated _bn _2rdamedia |
||
| 338 |
_avolume _bnc _2rdacarrier |
||
| 650 | 4 |
_aالعبادات- فقه اسلامي _929971 |
|
| 999 |
_aA11823 _c15391 _d15391 |
||